Films à partir de leur titre détourné - Statistiques

Statistiques générales
  • Ce quiz a été pris 136 fois
  • Le résultat moyen est 21 sur 50
Statistiques - réponses
Titre détourné Titre % Correct
La jolie fille et le Monstre La Belle et la Bête
91%
Les Canines de l'océan Les Dents de la mer
85%
L'Azur Géant Le Grand Bleu
79%
Mère, j'ai loupé l'aéroplane ! Maman, j'ai raté l'avion !
79%
Un Apache en milieu urbain Un Indien dans la ville
77%
Come-back dans l'avenir Retour vers le futur
74%
Le Gentil, le Barbare et le Bandit Le Bon, la Brute et le Truand
73%
L'Impératrice des glaces La Reine des neiges
71%
Les Basanés glissent sur les pistes Les Bronzés font du ski
68%
Le Baron des Alliances : Le Come-back du monarque Le Seigneur des Anneaux : Le Retour du roi
65%
La réalité des faits au cas où je dis des choses fausses La Vérité si je mens !
64%
L'existence est une immense rivière calme La vie est un long fleuve tranquille
64%
Saint-Nicolas est un déchet Le père Noël est une ordure
61%
Bibi, hideux et malfaisant Moi, moche et méchant
60%
Marions-nous mon ami Épouse-moi mon pote
59%
Le Mutisme des jeunes moutons Le Silence des agneaux
57%
À l'aide Spectres S.O.S. Fantômes
51%
Tâche infaisable Mission impossible
49%
Le type qui chuchotait aux esgourdes équines L'Homme qui murmurait à l'oreille des chevaux
48%
Hécatombe à la machine à découper Massacre à la tronçonneuse
48%
La Forteresse mouvante Le Château ambulant
46%
Le Dédale Le Labyrinthe
46%
La Ville de l'épouvante La Cité de la peur
44%
Que dalle à dire Rien à déclarer
42%
Matthieu Chedid le damné M le maudit
40%
Flibustiers des Antilles : Vers l'extrémité de la planète Pirates des Caraïbes : Jusqu'au bout du monde
40%
Henri Potier et le Dauphin métis Harry Potter et le Prince de sang-mêlé
38%
Jolie en période diurne Belle de jour
36%
La Large Promenade La Grande Vadrouille
36%
L'Axe couleur émeraude La Ligne verte
36%
Les Ongles du crépuscule Les Griffes de la nuit
36%
Le jour d'après est immortel Demain ne meurt jamais
35%
Les Corridors des âges : Les Touristes 2 Les Couloirs du temps : Les Visiteurs 2
33%
Structure d'un écroulement Anatomie d'une chute
31%
Je viendrai couvrir vos sépultures de glaviots J'irai cracher sur vos tombes
31%
Les Baroudeurs du coffre disparu Les Aventuriers de l'arche perdue
28%
L'Ultime Expert du vent Le Dernier Maître de l'air
26%
Itou en prend la brise Autant en emporte le vent
24%
L'énumération du fabricant d'ascenseurs La Liste de Schindler
20%
La soirée des suceurs de sang Le Bal des vampires
20%
Premier contact avec le mec suivant le deuxième Rencontres du troisième type
20%
Réciproquement Vice-versa
15%
Impossibles à atteindre Intouchables
14%
Astre de jade Soleil vert
14%
Road-trip à l'extrémité des limbes Voyage au bout de l'enfer
14%
Commandant Mégaculotte Capitaine Superslip
10%
Les Périodes récentes Les Temps modernes
10%
Serval : La Guerre de l'impérissable Wolverine : Le Combat de l'immortel
3%
Représentation virtuelle Avatar
2%
Ou je clamse, ou je me rétablis Soit je meurs, soit je vais mieux
2%
Aucun quiz correspondant
Distribution des résultats
% des personnes avec chaque résultat
Percentile par nombre de réponses
Votre historique - résultats
Vous n’avez pas pris ce quiz